Consulta sobre el cuestionamiento de la edad necesaria para ser inquisidor apostólico en las inquisiciones de España

Detalles Bibliográficos
Otros Autores: Antonio de Sousa
Formato: Libro
Publicado: España, s. XVII
Materias:
Colección:Banco de datos
Acervo:Biblioteca Palafoxiana. Colección de Manuscritos
Descripción Física:3 f. ; 21.2 x 30.4 cm.
Tema general:Eclesiástica
LEADER 00466nam a22001450004500
035 |a 395 
245 1 0 |a Consulta sobre el cuestionamiento de la edad necesaria para ser inquisidor apostólico en las inquisiciones de España 
260 |a España, s. XVII 
300 |a 3 f. ; 21.2 x 30.4 cm. 
650 1 0 |a Eclesiástica 
700 1 |a Antonio de Sousa 
949 |a 19345/021 
942 |c PALAMANU 
943 |g Biblioteca Palafoxiana. Colección de Manuscritos 
999 |c 1068340  |d 1068340